Magnetism and the chemical bond

Gespeichert in:
Bibliographische Detailangaben
1. Verfasser: Goodenough, John B (VerfasserIn)
Format: Buch
Sprache:Englisch
Veröffentlicht: Huntington Robert E. Krieger 1976
Schriftenreihe:Interscience Monographs on Chemistry, 1
Schlagworte:
Tags: Tag hinzufügen
Keine Tags, Fügen Sie den ersten Tag hinzu!

MARC

LEADER 00000nam a2200000 a 4500
001 UCW2591
003 CL-VaPUC
008 891002e19760000US |||||||||||||||||eng|d
082 0 4 |a 541.224  |b GOO  |2 21 
100 |a Goodenough, John B  |e author  |9 446892 
245 1 0 |a Magnetism and the chemical bond 
300 |a 393 p 
942 |c BK 
945 |d 19891002 00:00:00 
260 |a Huntington  |b Robert E. Krieger  |c 1976 
650 0 |a Magnetismo  |9 260336 
650 7 |a METALES DE TRANSICION  |2 CL-VaPUC  |9 306838 
650 0 |a Enlaces químicos  |9 306789 
583 |a last modification  |c 20120531 12:03:49  |k Rodrigo Vera 
490 0 |a Interscience Monographs on Chemistry, 1 
999 |c 217112  |d 217110 
952 |0 0  |1 0  |4 0  |6 541_224000000000000_GOO_1976  |7 0  |8 A  |9 203683  |a BIBCUR  |b BIBCUR  |d 2019-11-15  |i 2709546  |o 541.224 GOO 1976  |p 2709546  |r 2025-04-22  |w 2019-11-15  |y BK  |k QUI 
952 |0 0  |1 0  |4 0  |6 541_224000000000000_GOO_1976  |7 0  |8 A  |9 203686  |a BIBCUR  |b BIBCUR  |d 2019-11-15  |i 3179761  |o 541.224 GOO 1976  |p 3179761  |r 2025-04-22  |w 2019-11-15  |y BK  |k BCB